[Event "Montevideo Reina Reyes op 14th"]
[Site "Montevideo"]
[Date "2020.02.15"]
[Round "3"]
[White "Fernandez, Gonzalo"]
[Black "Messonez, Enzo"]
[Result "0-1"]
[WhiteElo "1159"]
[BlackElo "1367"]
[PlyCount "94"]
[EventDate "2020.02.15"]
[EventType "swiss"]
[EventRounds "5"]
[EventCountry "URU"]
[SourceTitle "CBM 195 Extra"]
[Source "ChessBase"]
[SourceDate "2020.05.31"]
[SourceVersion "1"]
[SourceVersionDate "2020.05.31"]
[SourceQuality "1"]

1. e4 e5 2. Nf3 Nc6 3. Bc4 Bb4 4. c3 Ba5 5. a4 Bb6 6. b4 a6 7. a5 Ba7 8. d3 Nf6 9. Bg5 d6 10. d4 exd4 11. cxd4 Bg4 12. Be3 Nxe4 13. h3 Bh5 14. Qe2 0-0 15. 0-0 Nxb4 16. Ra4 Nc6 17. d5 Ne5 18. Bd3 Nxf3+ 19. gxf3 Bxe3 20. fxe3 Ng3 21. Qg2 Nxf1 22. Kxf1 Bg6 23. Bxg6 fxg6 24. Qg4 Rf6 25. Nc3 b5 26. axb6 cxb6 27. Kf2 Qc8 28. Qf4 b5 29. Rb4 Qc5 30. Qg4 Qxc3 31. Re4 Qd2+ 32. Kg1 Qe1+ 33. Kg2 Qe2+ 34. Kg3 Raf8 35. Rf4 Rxf4 36. exf4 Qe3 37. h4 Qg1+ 38. Kh3 Qxg4+ 39. Kxg4 h6 40. h5 gxh5+ 41. Kxh5 Rxf4 42. Kg6 Rxf3 43. Kh5 Rg3 44. Kh4 Rg5 45. Kh3 b4 46. Kh4 b3 47. Kh3 b2 0-1

[Event "Montevideo Reina Reyes op 14th"]
[Site "Montevideo"]
[Date "2020.02.15"]
[Round "2"]
[White "Messonez, Enzo"]
[Black "Cano, Carlos2"]
[Result "0-1"]
[WhiteElo "1367"]
[BlackElo "1660"]
[PlyCount "44"]
[EventDate "2020.02.15"]
[EventType "swiss"]
[EventRounds "5"]
[EventCountry "URU"]
[SourceTitle "CBM 195 Extra"]
[Source "ChessBase"]
[SourceDate "2020.05.31"]
[SourceVersion "1"]
[SourceVersionDate "2020.05.31"]
[SourceQuality "1"]

1. d4 Nf6 2. Nf3 g6 3. Bg5 Bg7 4. e3 0-0 5. Bb5 a6 6. Ba4 b5 7. Bb3 Bb7 8. Nbd2 a5 9. c3 a4 10. Bc2 Na6 11. a3 c5 12. c4 cxd4 13. cxb5 dxe3 14. Bxe3 Nc7 15. Bxa4 Ncd5 16. Bg5 Qa5 17. Bb3 Ne4 18. Bxd5 Bxd5 19. Bxe7 Nxd2 20. Bxf8 Re8+ 21. Qe2 Nxf3+ 22. Kd1 Bb3+ 0-1

[Event "Montevideo Reina Reyes op 14th"]
[Site "Montevideo"]
[Date "2020.02.15"]
[Round "1"]
[White "Quintieri, Mathias"]
[Black "Messonez, Enzo"]
[Result "0-1"]
[WhiteElo "1327"]
[BlackElo "1367"]
[PlyCount "64"]
[EventDate "2020.02.15"]
[EventType "swiss"]
[EventRounds "5"]
[EventCountry "URU"]
[SourceTitle "CBM 195 Extra"]
[Source "ChessBase"]
[SourceDate "2020.05.31"]
[SourceVersion "1"]
[SourceVersionDate "2020.05.31"]
[SourceQuality "1"]

1. d4 d5 2. Nf3 Bg4 3. Bf4 Nf6 4. Nbd2 e6 5. Ne5 Bf5 6. e3 Nbd7 7. Ndf3 h6 8. h3 c5 9. Bb5 Qa5+ 10. c3 Qxb5 11. b3 cxd4 12. Nxd4 Qb6 13. Nxf5 Nxe5 14. Nxg7+ Bxg7 15. Bxe5 Rg8 16. Qf3 Ke7 17. Bd4 Qc7 18. Bxf6+ Bxf6 19. 0-0 Qxc3 20. Rac1 Qd2 21. Rc7+ Kd8 22. Rxb7 Qc3 23. Rxf7 Be7 24. Rh7 Qf6 25. Qxf6 Bxf6 26. Rxh6 Ke7 27. Rc1 Bg7 28. Rh7 Kd7 29. g4 Rac8 30. Ra1 Kd6 31. h4 Bxa1 32. Rxa7 Rxg4+ 0-1